Sports Quiz

Random Sports or Baseball Quiz

Most Games Played: Yankees Quiz Stats

Quiz not verified by Sporcle

Challenge
Share
Tweet
Embed
Score 0/25 Timer 06:00
0 Plays Today
Games Player % Correct
2164Lou Gehrig
92.9%
2084Babe Ruth
92.9%
2401Mickey Mantle
92.4%
2747Derek Jeter
88.2%
1736Joe DiMaggio
87.6%
2116Yogi Berra
83.5%
1829Jorge Posada
68.8%
1535Graig Nettles
68.2%
2076Bernie Williams
67.1%
1423Thurman Munson
63.5%
1785Don Mattingly
59.4%
1881Roy White
58.2%
1661Phil Rizzuto
54.1%
Games Player % Correct
1694Willie Randolph
53.5%
1789Bill Dickey
51.2%
1374Robinson Cano
49.4%
1659Tony Lazzeri
47.6%
1492Elston Howard
44.1%
1455Earle Combs
37.6%
1406Hank Bauer
37.1%
1412Bobby Richardson
33.5%
1509Alex Rodriguez
33.5%
1336Gil McDougald
26.5%
1488Wally Pipp
25.9%
1683Frankie Crosetti
20.6%

You're not logged in!

Compare scores with friends on all Sporcle quizzes.
Join for Free
OR
Log In

You Might Also Like...

Show Comments

Extras

Top Quizzes Today


Score Distribution

Your Account Isn't Verified!

In order to create a playlist on Sporcle, you need to verify the email address you used during registration. Go to your Sporcle Settings to finish the process.

Report this User

Report this user for behavior that violates our Community Guidelines.

Details: